[Event "21st Iraklios Athens Challenge 2018"]
[Site "Athens"]
[Date "2018.06.18"]
[Round "3"]
[White "Delchev, Aleksander"]
[Black "Lirindzakis, Timotheos"]
[Result "1-0"]
[WhiteElo "2563"]
[BlackElo "2163"]
[Annotator "TA"]
[PlyCount "57"]
[EventDate "2018.06.16"]
[EventType "swiss"]
[EventCountry "GRE"]
[SourceTitle "playchess.com"]
[Source "ChessBase"]
[SourceQuality "1"]

{[%evp 14,57,12,0,0,0,15,20,0,0,0,0,0,0,3,0,0,0,-2,-20,-10,-16,0,-2,0,0,0,-12,81,19,22,18,20,20,13,20,22,9,22,20,35,33,155,148,360,352]} 1. c4 Nf6 2. Nf3 e6 3. b3 d5 4. Bb2 Be7 5. e3 b6 6. cxd5 {A13: English Opening: 1...e6} exd5 7. Nc3 O-O 8. Be2 {LiveBook: 11 Games. The position is equal.} Re8 9. O-O Bb7 10. Rc1 Nbd7 11. Qc2 Bf8 12. Rfd1 a6 13. d4 Bd6 14. Bd3 Qe7 15. Ne2 Rac8 16. Ng3 g6 17. Qe2 Ne4 18. Rc2 Ra8 19. Rdc1 Rec8 20. Nd2 c5 (20... f5 $11 {remains equal.}) 21. dxc5 ({White should play} 21. Bxe4 $1 $16 {Threatens to win with Bf3.} Bxg3 22. hxg3 dxe4 23. dxc5 Nxc5 24. Ba3) 21... Ndxc5 22. b4 Nxg3 23. hxg3 Na4 24. Ba1 Rxc2 25. Rxc2 Bxb4 26. Qg4 $36 {[%mdl 2048] And now Nf3 would win. White is more active.} b5 27. Nb3 {[%mdl 1024] White has compensation.} Bd6 {[#]} ({Better is} 27... Rf8 $14) 28. Na5 $1 $16 ({Of course not} 28. Qd4 $6 f6 $11) 28... Re8 $2 (28... Nc5 $16 29. Nxb7 (29. Qd4 f6 $16) 29... Nxb7) 29. Qd4 {Precision: White = 61%, Black = 45%.} 1-0

[Event "21st Iraklios Athens Challenge 2018"]
[Site "Athens"]
[Date "2018.06.18"]
[Round "3"]
[White "Nikolov, Momchil"]
[Black "Spyropoulos, Nikolaos"]
[Result "1/2-1/2"]
[WhiteElo "2541"]
[BlackElo "2224"]
[Annotator "TA"]
[PlyCount "109"]
[EventDate "2018.06.16"]
[EventType "swiss"]
[EventCountry "GRE"]
[SourceTitle "playchess.com"]
[Source "ChessBase"]
[SourceQuality "1"]

{[%evp 19,109,7,9,14,7,0,2,0,0,-56,4,0,16,8,8,8,14,12,23,18,23,14,41,43,47,3,0,0,29,10,8,0,10,-14,-17,-10,-18,-9,0,-27,18,0,0,-24,-43,-51,-51,-51,-72,-70,-56,-56,-55,-54,-42,-30,-6,-41,0,0,0,0,0,0,0,0,0,0,5,0,5,0,0,0,0,0,0,0,0,0,0,0,0,0,0,0,0,0,0,0,0,0]} 1. e4 Nf6 2. e5 Nd5 3. d4 d6 4. Nf3 dxe5 5. Nxe5 c6 6. Be2 Bf5 {B04: Aljechin-Verteidigung (Moderne Variante)} 7. O-O Nd7 8. Nf3 e6 9. a3 Bd6 10. Re1 O-O {LiveBook: 6 Partien} 11. c4 N5f6 12. Nh4 Qc7 13. h3 Bh2+ 14. Kh1 (14. Kf1 $11) 14... Bxb1 (14... Ne4 $15 15. Rf1 Ndf6) 15. Rxb1 $11 Bf4 16. Nf3 Bxc1 17. Qxc1 Rfe8 18. Bd3 Rad8 19. Qe3 c5 20. b4 {[%cal Rd4c5]} b6 21. dxc5 bxc5 22. b5 e5 {[#] zielt auf ...e4 ab.} 23. Nd2 Nb6 24. Nb3 e4 25. Bf1 Nfd7 {[%cal Bf6d7,Bd7e5,Be5d3][%mdl 32]} 26. Ra1 Na4 27. Rad1 f5 28. Qg5 Rf8 29. Rd5 Ne5 30. Red1 {[#]} Nd3 $1 {[%mdl 512]} 31. Rxd8 (31. Bxd3 {feels hotter.} Rxd5 32. cxd5 exd3 33. Rxd3 c4 34. d6) 31... Qxd8 32. Qxd8 Rxd8 33. Bxd3 exd3 {[%mdl 4096] Endspiel KTS-KTS} 34. Rd2 Nb6 35. Na5 $1 Rd4 36. g3 h6 37. Kg2 Kh7 38. h4 Nxc4 39. Nxc4 {Die Stellung ist ausgeglichen.} Rxc4 40. Rxd3 $15 {KT-KT} Ra4 41. Rc3 Kg6 42. Rxc5 Rxa3 43. Rc6+ Kh7 44. Rc7 Rb3 45. Rb7 Kg6 46. Kh3 Rb2 47. Kg2 Rb3 48. h5+ Kxh5 49. Rxa7 g5 50. Rb7 Kg4 51. b6 f4 52. gxf4 Kxf4 53. Rf7+ Kg4 54. b7 Kh4 55. Kh2 {Precision: Weiß = 50%, Schwarz = 55%.} 1/2-1/2

[Event "21st Iraklios Athens Challenge 2018"]
[Site "Athens"]
[Date "2018.06.18"]
[Round "3"]
[White "Salomon, Johan"]
[Black "Lobersli, Henrik Oie"]
[Result "1-0"]
[WhiteElo "2474"]
[BlackElo "2134"]
[Annotator "TA"]
[PlyCount "45"]
[EventDate "2018.06.16"]
[EventType "swiss"]
[EventCountry "GRE"]
[SourceTitle "playchess.com"]
[Source "ChessBase"]
[SourceQuality "1"]

{[%evp 26,45,27,16,22,23,91,87,77,75,110,71,277,268,271,267,268,253,255,261,395,348]} 1. Nf3 Nf6 2. c4 e6 3. Nc3 d5 4. e3 c5 5. cxd5 exd5 6. d4 Nc6 7. Bb5 a6 8. Bxc6+ bxc6 9. O-O Bd6 10. dxc5 Bxc5 11. b3 Bg4 12. Bb2 O-O 13. Ne2 Bd6 14. Ng3 {LiveBook: 3 Games. D32: Tarrasch Defence: Sidelines and lines without g3} Rc8 15. Qd3 a5 (15... Qe7 $11) 16. Ng5 $16 {White is better.} g6 17. h3 Be6 18. Rad1 {Threatens to win with Qc3.} Nd7 $2 {[#]} (18... Be7 $16 {was worth a try.}) 19. Qd4 $1 $18 {[%csl Gb2][%cal Rd4h8]} ({Not} 19. Nxe6 fxe6 20. Ne4 Be5 $11) 19... Be5 20. Qh4 {[%csl Gg5][%cal Rh4h7]} h5 21. Bxe5 Nxe5 22. f4 {[%cal Bf2f4,Bf4f5][%mdl 32]} Nd7 (22... Ng4 $142) 23. f5 1-0

[Event "21st Iraklios Athens Challenge 2018"]
[Site "Athens"]
[Date "2018.06.18"]
[Round "3"]
[White "Kotrotsos, Vasilios"]
[Black "Gazis, Efstathios"]
[Result "1-0"]
[WhiteElo "2253"]
[BlackElo "2203"]
[Annotator "ChessBase"]
[PlyCount "73"]
[EventDate "2018.06.16"]
[EventType "swiss"]
[EventCountry "GRE"]
[SourceTitle "playchess.com"]
[Source "ChessBase"]
[SourceQuality "1"]
[TimeControl "5400+30"]

1. d4 Nf6 2. c4 e6 3. Nc3 Bb4 4. a3 Bxc3+ 5. bxc3 Ne4 6. e3 O-O 7. Bd3 f5 8. Ne2 b6 9. f3 Nf6 10. O-O Nc6 11. e4 fxe4 12. fxe4 e5 13. h3 d6 14. Be3 Ba6 15. Ng3 Na5 16. Qe2 Qe8 17. a4 Qf7 18. Bg5 Bxc4 19. Bxf6 Bxd3 20. Qxd3 gxf6 21. Nf5 Kh8 22. Rf3 exd4 23. cxd4 d5 24. e5 Rae8 25. Raf1 Qh5 26. Ne3 c6 27. Rxf6 Rxf6 28. Rxf6 Rg8 29. Ng4 Qg5 30. e6 Nc4 31. Rf7 Rg7 32. Qf3 Nd6 33. Rf8+ Rg8 34. Rxg8+ Kxg8 35. Qg3 Ne4 36. Nf6+ Kf8 37. Nxh7+ 1-0

[Event "21st Iraklios Athens Challenge 2018"]
[Site "Athens"]
[Date "2018.06.18"]
[Round "3"]
[White "Ergazakis, Ioannis"]
[Black "Kourkoulos-Arditis, Stamatis"]
[Result "1-0"]
[WhiteElo "2208"]
[BlackElo "2426"]
[Annotator "TA"]
[PlyCount "72"]
[EventDate "2018.06.16"]
[EventType "swiss"]
[EventCountry "GRE"]
[SourceTitle "playchess.com"]
[Source "ChessBase"]
[SourceQuality "1"]

{[%evp 16,72,18,16,52,45,73,29,68,62,30,0,0,0,0,0,0,0,13,0,16,0,0,0,68,8,15,23,21,0,237,246,764,775,768,765,1085,1074,1056,1051,1103,1095,1297,1252,1149,662,641,645,750,727,1088,1100,1100,1079,1030,1018,2756,1977,29987]} 1. e4 c5 2. Nf3 d6 3. d4 cxd4 4. Nxd4 Nf6 5. Nc3 a6 6. h3 e6 7. g4 h6 8. Bg2 Be7 {B81: Sicilian Scheveningen: Keres Attack} 9. Be3 {LiveBook: 72 Games} g5 10. Qe2 Nbd7 {White is slightly better.} 11. Rf1 Ne5 12. f4 gxf4 13. Rxf4 b5 {[%cal Bb7b5,Bb5b4][%mdl 32]} 14. O-O-O b4 15. Nd5 exd5 16. exd5 Qc7 17. Nc6 {[#] aiming for Nxe5.} Nfd7 $1 18. Rxb4 a5 $1 {[%cal Ra5b4]} 19. Rb3 Bg5 (19... a4 $11 20. Rc3 Qb7) 20. Rc3 (20. Kb1 $14) 20... Qb6 $11 21. Bxg5 hxg5 22. Rb3 Qa6 $2 (22... Qc7 $11 {and Black stays safe.}) 23. Qe3 f6 $2 (23... Qc4) 24. Bf1 $18 {White is clearly winning.} a4 25. Rb4 Qb7 26. Rxb7 Bxb7 27. Nxe5 Nxe5 28. Qb6 Bc8 29. Qxd6 Kf7 30. Qc7+ Bd7 31. Re1 {[#] Black must now prevent Rxe5.} Rhc8 32. Qd6 {Rxe5 is the strong threat.} Ra7 33. Rxe5 fxe5 34. Bd3 Rg8 35. Qxe5 Rg7 36. Qb8 Bc8 {Precision: White = 57%, Black = 36%.} 1-0

[Event "21st Iraklios Athens Challenge 2018"]
[Site "Athens"]
[Date "2018.06.18"]
[Round "3"]
[White "Gogolis, Alexandros"]
[Black "Tilicheev, Viacheslav"]
[Result "1/2-1/2"]
[WhiteElo "2204"]
[BlackElo "2513"]
[Annotator "TA"]
[PlyCount "66"]
[EventDate "2018.06.16"]
[EventType "swiss"]
[EventCountry "GRE"]
[SourceTitle "playchess.com"]
[Source "ChessBase"]
[SourceQuality "1"]

{[%evp 17,66,14,14,7,41,18,10,10,14,12,19,22,23,18,33,18,28,20,14,8,24,16,43,0,33,19,62,23,89,68,66,68,69,66,64,72,249,259,248,257,253,239,248,185,195,197,227,233,221,202,225]} 1. d4 g6 2. Nf3 Nf6 3. Bg5 Bg7 4. Nbd2 d6 5. c3 O-O 6. e3 Nbd7 7. Bc4 a6 {A48: 1 d4 Nf6 2 Nf3 g6: Torre, London and Colle Systems} 8. a4 b6 9. O-O Bb7 {LiveBook: 7 Games. The position is equal.} 10. Re1 e5 11. dxe5 dxe5 12. e4 Qe8 13. Qc2 Nc5 14. b4 Ne6 15. Bh4 Nf4 16. Nf1 a5 17. b5 Rd8 18. Bxf6 Bxf6 19. Ne3 Rd6 20. g3 Nh3+ 21. Kg2 Qc8 22. Rad1 Rfd8 (22... Nf4+ $11 23. Kh1 (23. gxf4 exf4 24. h3 fxe3 $15) 23... Ne6) 23. Rxd6 $16 Rxd6 24. Bd5 Bxd5 25. Nxd5 Qg4 26. Ng1 $36 {[%mdl 2048] White has strong initiative.} ({Much weaker is} 26. Nxf6+ Rxf6 27. Nxe5 Qh5 $11) 26... Nf4+ $2 {[#]} (26... Nxg1 $16 {was necessary.} 27. Kxg1 Bd8) 27. Nxf4 $18 exf4 28. e5 Re6 29. h3 Qh5 {White is clearly better.} 30. g4 Qh6 31. Nf3 Be7 32. Nd4 f3+ 33. Nxf3 {Strongly threatening Nd4.} Bc5 {Precision: White = 70%, Black = 42%.} 1/2-1/2

[Event "21st Iraklios Athens Challenge 2018"]
[Site "Athens"]
[Date "2018.06.18"]
[Round "3"]
[White "Nikolaidis, Konstantinos"]
[Black "Lekic, Dusan"]
[Result "1/2-1/2"]
[WhiteElo "2175"]
[BlackElo "2368"]
[Annotator "ChessBase"]
[PlyCount "49"]
[EventDate "2018.06.16"]
[EventType "swiss"]
[EventCountry "GRE"]
[SourceTitle "playchess.com"]
[Source "ChessBase"]
[SourceQuality "1"]
[TimeControl "5400+30"]

1. d4 d5 2. c4 c6 3. Nf3 Nf6 4. e3 Bf5 5. Nc3 e6 6. Nh4 Be4 7. f3 Bg6 8. Qb3 Qc7 9. Bd2 Be7 10. Nxg6 hxg6 11. g3 Nbd7 12. Rc1 Nb6 13. cxd5 exd5 14. Be2 a5 15. a3 a4 16. Qc2 Bd6 17. f4 Qd7 18. Nd1 g5 19. Nf2 gxf4 20. exf4 Kf8 21. Nd1 Ne4 22. Nf2 Ke8 23. O-O Qe7 24. Nxe4 dxe4 25. Bg4 1/2-1/2

[Event "21st Iraklios Athens Challenge 2018"]
[Site "Athens"]
[Date "2018.06.19"]
[Round "4"]
[White "Tilicheev, Viacheslav"]
[Black "Petrakis, Ilias"]
[Result "1-0"]
[WhiteElo "2513"]
[BlackElo "2126"]
[Annotator "TA"]
[PlyCount "79"]
[EventDate "2018.06.16"]
[EventType "swiss"]
[EventCountry "GRE"]
[SourceTitle "playchess.com"]
[Source "ChessBase"]
[SourceQuality "1"]

{[%evp 18,79,22,-16,-8,-20,2,-18,-15,-11,-8,-4,16,0,48,43,50,58,56,54,225,-66,-85,-306,-308,-330,-327,-566,-567,-472,-41,-41,-30,-23,0,-104,-61,-72,0,0,0,0,265,270,251,262,253,244,322,220,444,436,494,486,1053,716,1231,1164,2779,1128,2367,960,29989,29990]} 1. e4 c5 2. Nf3 e6 3. d4 cxd4 4. Nxd4 a6 5. Nc3 Qc7 6. Be2 Nf6 7. O-O Nc6 8. Be3 Be7 9. f4 d6 10. g4 {LiveBook: 12 Games} h6 {B84: Sicilian Scheveningen: 6 Be2 a6, lines without early Be3} (10... Nd7 11. Qd2 h6 12. Rad1 Rb8 13. Bf3 Na5 14. b3 b5 15. Nf5 b4 16. Nxg7+ Kf8 17. Bd4 bxc3 18. Bxc3 {0-1 (37) Kongsee,U (2251)-Hansen,E (2593) Tromsoe 2014}) 11. Qe1 Bd7 12. Qg3 {Hoping for g5.} Nxd4 $146 {The position is equal.} ({Predecessor:} 12... g5 13. f5 Ne5 14. fxe6 fxe6 15. Rf2 O-O-O 16. a4 Rdg8 17. Ndb5 axb5 18. axb5 Kd8 {0-1 (36) Wade,R-Ojanen,K Trencianske Teplice 1949}) 13. Bxd4 Bc6 14. Bf3 O-O-O 15. Qf2 Rdg8 16. Bb6 Qb8 17. a4 g5 18. f5 h5 $2 ({Black should try} 18... Bd8 $14) 19. b4 $2 (19. fxe6 $18 fxe6 20. Bd4) 19... hxg4 $15 20. b5 $2 (20. Be2 $17 g3 21. Qxg3) 20... gxf3 $19 21. bxc6 bxc6 22. Rfb1 $2 (22. Rab1 d5 23. Ba7) 22... d5 23. Ba7 Qe5 $2 (23... Qf4 $19 24. Rb8+ Kd7 25. Rb7+ Ke8 26. fxe6 fxe6) 24. Rb8+ $15 Kd7 25. Rb7+ Kc8 26. Rxe7 {[#]} (26. Rb8+ $1 $11 {keeps the balance.} Kd7 27. Rb7+ Ke8 28. Rb8+ Bd8 29. Rxd8+ $1 {[%mdl 512]} Kxd8 30. Bd4 Nxe4 31. Bxe5 Nxf2 32. Kxf2 exf5 33. Bxh8 Rxh8 34. Rh1) 26... Ng4 $1 $17 {[%cal Rg4f2]} (26... Qxc3 27. Rb1 $14) 27. Qg3 {Black must now prevent Qxe5.} (27. Qxf3 $2 Qxh2+ 28. Kf1 Ne5 $19) 27... Qxg3+ (27... Rxh2 $17 28. Qxe5 Rg2+ 29. Kf1 Nxe5) 28. hxg3 $11 Rh2 29. Rb1 {[%csl Ga7][%cal Rb1b8]} (29. Rxf7 $2 Rgh8 $19) (29. fxe6 $2 Rg2+ 30. Kf1 Rh8 $19) 29... f2+ $2 {[%mdl 8192]} (29... Rg2+ $1 $11 30. Kf1 Ne3+ 31. Bxe3 Rh8) 30. Kf1 $18 {[%csl Ga7][%cal Rb1b8]} Rh1+ 31. Ke2 {[%csl Ga7][%cal Rb1b8]} Rxb1 32. Nxb1 Rh8 33. Nd2 (33. Rxf7 Rh1 $16) 33... Rh1 $2 (33... exf5 {might work better.} 34. exd5 (34. Rxf7 fxe4 35. Nf1 Rh3 $16) (34. exf5 Rh1 $16) 34... cxd5) 34. Nf1 dxe4 35. fxe6 f5 (35... fxe6 $142 36. Rxe6 e3 37. Bxe3 (37. Rxc6+ $2 Kd7 $19) 37... Kd7) 36. Rf7 {Rf8+ is the strong threat.} f4 37. gxf4 {Threatens to win with Rf8+.} e3 38. Bxe3 (38. fxg5 $142 Rh8 39. g6) 38... Nxe3 39. Nxe3 (39. Rf8+ $142 Kb7 40. e7) 39... Re1+ 40. Kxf2 {Precision: White = 39%, Black = 30%.} 1-0

[Event "21st Iraklios Athens Challenge 2018"]
[Site "Athens"]
[Date "2018.06.19"]
[Round "4"]
[White "Kourkoulos-Arditis, Stamatis"]
[Black "Papadopoulos, Georgios"]
[Result "0-1"]
[WhiteElo "2426"]
[BlackElo "2301"]
[Annotator "TA"]
[PlyCount "96"]
[EventDate "2018.06.16"]
[EventType "swiss"]
[EventCountry "GRE"]
[SourceTitle "playchess.com"]
[Source "ChessBase"]
[SourceQuality "1"]

{[%evp 22,96,29,4,78,81,117,126,129,135,139,-130,-131,-119,-131,-129,-127,-142,-137,-133,-114,-178,-135,-142,-121,-125,-120,-175,-171,-161,-147,-167,-152,-215,-211,-212,-211,-220,-216,-216,-207,-304,-308,-310,-293,-458,-409,-447,-422,-408,-429,-853,-853,-835,-800,-869,-851,-864,-858,-845,-622,-615,-604,-606,-603,-669,-612,-822,-813,-856,-710,-694,-683,-672,-671,-656,-497]} 1. d4 Nf6 2. c4 g6 3. Nc3 Bg7 4. e4 d6 5. Be2 O-O 6. Bg5 c5 7. d5 h6 8. Be3 e6 9. Qd2 exd5 10. cxd5 Re8 11. f3 Kh7 12. g4 {LiveBook: 3 Games. A65: Modern Benoni: 6 e4} (12. a4 Na6 13. Bb5 Re7 14. Nge2 Nb4 15. Ng3 a6 16. Be2 Bd7 17. O-O Qc7 18. f4 Ree8 19. Kh1 Rac8 {1-0 (30) Barbosa,O (2563)-Teerapabpaisit,W (2284) Pattaya 2013}) 12... Nfd7 (12... a6 $11 {keeps the balance.}) 13. h4 $16 Ne5 {[#]} 14. Nh3 $1 {White is better.} Qa5 $146 ({Predecessor:} 14... f6 15. Nf2 a6 16. f4 Nf7 17. a4 b6 18. Bd3 Kg8 19. Kd1 Ra7 {0-1 (39) Belunek,V (2240)-Mudrak,J (2285) Czechia 1997}) 15. Nf2 Qb4 16. Nb5 $2 {[%mdl 8192]} (16. f4 $16 {stays on course.} Nc4 17. Bxc4 Qxc4 18. h5) 16... Nxf3+ $1 $17 17. Bxf3 Qxb5 18. Rb1 Nd7 19. g5 {[%cal Rg5h6]} h5 20. Be2 Qb4 21. O-O (21. Qxb4 $17 cxb4 22. O-O) 21... Qxd2 22. Bxd2 Bd4 {Threatens to win with ...Rxe4.} 23. Kg2 f5 24. Bd3 (24. gxf6 $17 Nxf6 25. Bf3) 24... Ne5 $19 {[%cal Bd7e5,Be5c4,Bc4a3,Ba3c2][%mdl 32]} 25. Bc2 Nc4 26. Bf4 Be3 ({Don't do} 26... Bxb2 27. Bd3 $15) 27. b3 {[#]} (27. Nd1 $17 {might work better.} Bxf4 28. Rxf4) 27... Na3 $1 ({And not} 27... Bxf4 28. bxc4 b5 29. Nh3 $11) 28. Bxe3 Nxc2 29. Bf4 fxe4 30. Rbc1 Nd4 {Strongly threatening ...e3.} 31. Bxd6 (31. Rfe1 {was called for.} Bf5 32. Bxd6) 31... Nf5 32. Bxc5 b6 ({Worse is} 32... Nxh4+ 33. Kg3 $15) 33. Bb4 (33. Rfe1 $142 Nxh4+ 34. Kg3 Nf5+ 35. Kf4 bxc5 36. Nxe4) 33... Ne3+ 34. Kg1 Nxf1 35. Rc7+ Kg8 36. Bc3 (36. Kxf1 $142 e3 37. Nh1) 36... Ng3 37. Rg7+ Kf8 {And now ...Ne2+ would win.} 38. Bf6 e3 39. Nd3 Ne4 40. Bb2 Re7 41. Rxg6 Bf5 42. Rh6 {intending Rh8+.} Rh7 43. Rc6 Rc8 44. g6 Rhc7 45. g7+ Rxg7+ 46. Bxg7+ Kxg7 47. Kg2 Rxc6 48. dxc6 Nc5 {Precision: White = 46%, Black = 84%.} 0-1

[Event "21st Iraklios Athens Challenge 2018"]
[Site "Athens"]
[Date "2018.06.19"]
[Round "4"]
[White "Katopodis, Dimitrios"]
[Black "Ergazakis, Ioannis"]
[Result "1/2-1/2"]
[WhiteElo "2256"]
[BlackElo "2208"]
[Annotator "NA"]
[PlyCount "67"]
[EventDate "2018.06.16"]
[EventType "swiss"]
[EventCountry "GRE"]
[SourceTitle "playchess.com"]
[Source "ChessBase"]
[SourceQuality "1"]
[TimeControl "5400+30"]

1. d4 Nf6 2. Nf3 e6 3. g3 Be7 4. Bg2 O-O 5. c4 d5 {LiveBook: 9058 Games} 6. O-O dxc4 7. Ne5 Nc6 8. Bxc6 bxc6 9. Nxc6 Qe8 10. Nxe7+ Qxe7 11. Qc2 c5 12. Qxc4 cxd4 13. Qxd4 e5 14. Qh4 Qb7 15. Nc3 Be6 $11 16. b3 Nd5 17. Ne4 Nf4 18. Nf6+ gxf6 19. gxf4 Qe4 20. f3 Qxe2 21. fxe5 Qxe5 22. Bf4 Qd4+ 23. Kh1 Bf5 24. Rad1 Qc3 25. Rc1 Qb2 26. Rf2 Qd4 27. Rd2 Qb6 28. Rd6 Qb7 29. Rf1 Qe7 30. Re1 Qb7 31. Kg2 Qb4 32. Rg1 Qc3 33. Rc1 Qb2+ 34. Kh1 1/2-1/2

[Event "21st Iraklios Athens Challenge 2018"]
[Site "Athens"]
[Date "2018.06.19"]
[Round "4"]
[White "Spyropoulos, Nikolaos"]
[Black "Gogolis, Alexandros"]
[Result "1-0"]
[WhiteElo "2224"]
[BlackElo "2204"]
[Annotator "NA"]
[PlyCount "125"]
[EventDate "2018.06.16"]
[EventType "swiss"]
[EventCountry "GRE"]
[SourceTitle "playchess.com"]
[Source "ChessBase"]
[SourceQuality "1"]
[TimeControl "5400+30"]

1. e4 c5 2. Nf3 Nc6 3. d4 cxd4 4. Nxd4 g6 5. c4 Nf6 6. Nc3 d6 7. Be2 Nxd4 8. Qxd4 Bg7 9. Be3 O-O 10. Qd2 a5 {B36: Sicilian: Maroczy Bind: Gurgenidze System} 11. Rd1 Bd7 (11... a4 12. O-O Be6 13. Bd4 Qa5 14. Qe3 Nd7 15. f4 Rac8 16. b3 axb3 17. axb3 Bxd4 18. Rxd4 {1-0 (58) Harikrishna,P (2744)-Mamedov,R (2709) Huaian 2017}) 12. c5 Bc6 {LiveBook: 3 Games} 13. Qc2 {[#]} d5 $146 ({Predecessor:} 13... Qc8 14. Bf3 dxc5 15. Bxc5 Qe6 16. O-O Rac8 17. Qb3 Qxb3 18. axb3 Bxe4 19. Nxe4 Nxe4 20. Bxe7 {½-½ (60) Reinaldo Castineira,R (2492)-Iturrizaga Bonelli,E (2603) Pamplona 2011}) 14. exd5 Nxd5 15. Nxd5 Bxd5 16. Bf3 e6 17. O-O a4 18. Rd3 Qd7 19. Rfd1 Rfd8 20. Bg5 Re8 21. h3 Qc6 22. Bxd5 exd5 23. Rxd5 Re1+ 24. Rxe1 Qxd5 25. Bf4 Qxa2 26. c6 bxc6 27. Qxc6 Rf8 28. Bd6 Bxb2 29. Re8 Bg7 30. Bxf8 Bxf8 31. Qc5 Qa1+ 32. Kh2 Qg7 33. Ra8 h5 34. h4 f6 35. Qc4+ Qf7 36. Qxa4 Qe7 37. Qb3+ Qf7 38. Qe3 Qd7 39. Ra7 Qd5 40. Qe8 Qe5+ 41. Qxe5 fxe5 42. Kg3 Bc5 43. Rc7 Bd4 44. Kf3 Kf8 45. Rc2 Ke7 46. Ke4 Ba1 47. Rc7+ Ke6 48. Rc6+ Kf7 49. f3 Bb2 50. Kd5 Ba1 51. Re6 Bd4 52. Rxe5 Bf2 53. Re4 Kf6 54. g4 hxg4 55. Rxg4 Be1 56. Ke4 $18 (56. Rf4+ $142 Kg7 57. Ke6) 56... Bf2 57. f4 Be1 58. Kf3 Bc3 59. Rg5 Bd2 60. Kg4 Bc1 61. Ra5 Bd2 62. Ra6+ Kg7 63. Kg5 1-0

[Event "21st Iraklios Athens Challenge 2018"]
[Site "Athens"]
[Date "2018.06.19"]
[Round "4"]
[White "Mavrikakis, Georgios"]
[Black "Nikolov, Momchil"]
[Result "0-1"]
[WhiteElo "2148"]
[BlackElo "2541"]
[Annotator "TA"]
[PlyCount "78"]
[EventDate "2018.06.16"]
[EventType "swiss"]
[EventCountry "GRE"]
[SourceTitle "playchess.com"]
[Source "ChessBase"]
[SourceQuality "1"]

{[%evp 15,78,45,67,42,44,43,70,33,30,27,29,22,42,31,25,19,31,19,20,10,14,10,20,4,15,0,14,-15,0,0,0,0,0,-13,-3,-5,-4,-133,-131,-139,-133,-131,-133,-141,-131,-132,-135,-135,-100,-322,-303,-288,-279,-365,-341,-331,-322,-300,-224,-239,-225,-226,-218,-219,-219]} 1. e4 c5 2. Nf3 e6 3. d4 cxd4 4. Nxd4 a6 5. c4 Nf6 6. Nc3 Bb4 7. Qd3 {B41: Sizilianisch (Paulsen-Variante)} d6 (7... d5 8. exd5 exd5 9. Be2 O-O 10. O-O Nc6 11. Nxc6 bxc6 12. Bg5 a5 13. Rfd1 h6 14. Bh4 Re8 {1-0 (35) Inarkiev,E (2684)-Romanov,E (2619) Batumi 2018}) 8. Nc2 Bc5 {LiveBook: 13 Partien} 9. Be3 {Weiß steht etwas besser.} Nc6 $146 ({Vorgänger:} 9... Qc7 10. Be2 Nc6 11. Bg5 O-O 12. Bxf6 gxf6 13. Rd1 b5 14. Qg3+ Kh8 {1-0 (53) Zajic,M (2454)-Jovicic,R (2185) Belgrade 2014}) 10. O-O-O O-O 11. Bxc5 dxc5 12. Qxd8 Rxd8 13. Rxd8+ Nxd8 14. e5 Nd7 15. f4 b6 16. Bd3 Bb7 17. Be4 Kf8 18. Rd1 Ke7 19. Rd3 g5 20. g3 h6 21. Ne1 Nc6 22. Nf3 gxf4 23. gxf4 Rg8 24. Rd6 Na5 {Droht ...Tg4 und aus.} 25. Bxb7 Nxb7 26. Rc6 (26. Rd3 $11 {hält das Gleichgewicht.}) 26... Rg4 $17 27. Rc7 {[#] Und Se4 würde nun gewinnen.} Rxf4 {Und weiter mit ...Sa5 wäre nett.} 28. Rxb7 {Droht stark Sd2.} Rxf3 {[%mdl 4096] Endspiel KTS-KTS} 29. Na4 Kd8 {...Kc8 ist eine echte Drohung.} 30. Nxb6 Nxe5 31. Na4 Nd7 32. b4 $2 (32. Ra7 $17 {ist wohl besser.}) 32... Kc8 33. Ra7 cxb4 34. Kb2 Ra3 35. Rxa6 Kb7 36. Ra5 Nb6 37. Rb5 {Schwarz steht deutlich besser.} Rxa4 38. c5 {[#]} Ra6 $1 39. cxb6 f5 {Precision: Weiß = 26%, Schwarz = 68%.} 0-1

[Event "21st Iraklios Athens Challenge 2018"]
[Site "Athens"]
[Date "2018.06.21"]
[Round "6"]
[White "Lekic, Dusan"]
[Black "Drazic, Sinisa"]
[Result "1/2-1/2"]
[WhiteElo "2368"]
[BlackElo "2410"]
[Annotator "TA"]
[PlyCount "43"]
[EventDate "2018.06.16"]
[EventType "swiss"]
[EventCountry "GRE"]
[SourceTitle "playchess.com"]
[Source "ChessBase"]
[SourceQuality "1"]

{[%evp 24,25,0,0]} 1. d4 d5 2. c4 c6 3. cxd5 cxd5 4. Nf3 Nc6 5. Nc3 Nf6 6. Bf4 Bf5 7. e3 e6 8. Bd3 Bxd3 9. Qxd3 Bd6 10. Bxd6 Qxd6 11. O-O O-O 12. Rac1 Rfc8 13. a3 {[#] LiveBook: 55 Games} {Predecessor:} a6 $146 14. Na4 Na5 15. Ne5 b5 16. Nc5 Nc4 17. Nxc4 bxc4 18. Qe2 h6 19. e4 Nxe4 20. Nxe4 dxe4 21. Rxc4 Rxc4 22. Qxc4 {½-½ (31) Wang,Y (2690)-Ni,H (2670) China 2018} 1/2-1/2

[Event "21st Iraklios Athens Challenge 2018"]
[Site "Athens"]
[Date "2018.06.21"]
[Round "6"]
[White "Papadopoulos, Georgios"]
[Black "Nikolov, Momchil"]
[Result "*"]
[WhiteElo "2301"]
[BlackElo "2541"]
[Annotator "TA"]
[PlyCount "28"]
[EventDate "2018.06.16"]
[EventType "swiss"]
[EventCountry "GRE"]
[SourceTitle "playchess.com"]
[Source "ChessBase"]
[SourceQuality "1"]

{[%evp 9,10,-15,-6]} 1. d4 Nf6 2. Bf4 d5 3. e3 c5 4. c3 Nc6 5. Nd2 Bf5 {LiveBook: 302 Games} {Predecessor:} 6. Ngf3 $146 e6 7. Be2 Bd6 8. dxc5 Bxc5 9. Nd4 Bg6 10. Qa4 O-O 11. Nxc6 bxc6 12. Qxc6 Rc8 13. Qa4 Re8 14. O-O e5 {0-1 (57) Le,Q (2737)-Ding,L (2777) Riadh 2017} *